[Event "Remembrance op"]
[Site "Winnipeg CAN"]
[Date "2000.11.12"]
[Round "5"]
[White "Czarny, Keith"]
[Black "Syrnick, Zenon"]
[Result "1/2-1/2"]
[WhiteElo "1674"]
[BlackElo "1553"]
[PlyCount "74"]
[GameId "2160767911635819"]
[EventDate "2000.11.??"]
[EventType "swiss"]
[EventRounds "5"]
[EventCountry "CAN"]
[SourceTitle "EXT 2005"]
[Source "ChessBase"]
[SourceDate "2004.11.15"]
[SourceVersion "1"]
[SourceVersionDate "2004.11.15"]
[SourceQuality "1"]

1. Nf3 e6 2. g3 d5 3. Bg2 Nf6 4. d4 c5 5. c3 cxd4 6. cxd4 Be7 7. O-O O-O 8. Nc3 Nc6 9. Bd2 Bd7 10. Rc1 Rc8 11. a3 a6 12. Na4 Ne4 13. Nc5 Nxc5 14. dxc5 Na7 15. b4 b6 16. cxb6 Qxb6 17. Be3 Qb7 18. Ne5 Rxc1 19. Qxc1 Ba4 20. Bxa7 Qxa7 21. Nc6 Qd7 22. Nxe7+ Qxe7 23. Qb2 Rc8 24. Rc1 Qb7 25. e3 h6 26. Bf1 Bb5 27. Rxc8+ Qxc8 28. Bxb5 axb5 29. Kf1 Qc4+ 30. Ke1 f6 31. f4 Qe4 32. Kf2 Qh1 33. Qc3 Qxh2+ 34. Kf3 Qh5+ 35. Kf2 Qh2+ 36. Kf3 Qh5+ 37. Kf2 Qh2+ 1/2-1/2

[Event "Remembrance op"]
[Site "Winnipeg CAN"]
[Date "2000.11.12"]
[Round "5"]
[White "Henson, Joshua"]
[Black "Mundwiler, Les"]
[Result "1/2-1/2"]
[WhiteElo "2125"]
[BlackElo "2052"]
[PlyCount "25"]
[GameId "2160767911635820"]
[EventDate "2000.11.??"]
[EventType "swiss"]
[EventRounds "5"]
[EventCountry "CAN"]
[SourceTitle "EXT 2005"]
[Source "ChessBase"]
[SourceDate "2004.11.15"]
[SourceVersion "1"]
[SourceVersionDate "2004.11.15"]
[SourceQuality "1"]

1. e4 e5 2. Nf3 Nc6 3. Bb5 a6 4. Bxc6 dxc6 5. O-O Qd6 6. d3 f6 7. Qe2 Be6 8. Be3 c5 9. Nbd2 Qc6 10. c3 Bd6 11. d4 Bf7 12. Rfd1 Ne7 13. dxe5 1/2-1/2

[Event "Remembrance op"]
[Site "Winnipeg CAN"]
[Date "2000.11.12"]
[Round "5"]
[White "Schulz, Waldemar"]
[Black "Khedkar, Jay S"]
[Result "1/2-1/2"]
[WhiteElo "2034"]
[BlackElo "1984"]
[PlyCount "27"]
[GameId "2160767911635821"]
[EventDate "2000.11.??"]
[EventType "swiss"]
[EventRounds "5"]
[EventCountry "CAN"]
[SourceTitle "EXT 2005"]
[Source "ChessBase"]
[SourceDate "2004.11.15"]
[SourceVersion "1"]
[SourceVersionDate "2004.11.15"]
[SourceQuality "1"]

1. Nf3 Nf6 2. d4 d5 3. c4 e6 4. Nc3 Nbd7 5. Bg5 c6 6. e3 Qa5 7. Nd2 Bb4 8. Qc2 O-O 9. Bf4 Re8 10. Be2 e5 11. dxe5 Nxe5 12. O-O Ng6 13. Bg3 Be6 14. Nb3 1/2-1/2

[Event "Remembrance op"]
[Site "Winnipeg CAN"]
[Date "2000.11.12"]
[Round "5"]
[White "Xia, Yanchong"]
[Black "Lafreniere, Adrian"]
[Result "1/2-1/2"]
[WhiteElo "1812"]
[BlackElo "1671"]
[PlyCount "105"]
[GameId "2160767911635822"]
[EventDate "2000.11.??"]
[EventType "swiss"]
[EventRounds "5"]
[EventCountry "CAN"]
[SourceTitle "EXT 2005"]
[Source "ChessBase"]
[SourceDate "2004.11.15"]
[SourceVersion "1"]
[SourceVersionDate "2004.11.15"]
[SourceQuality "1"]

1. e4 c5 2. Nf3 e6 3. d4 d5 4. exd5 exd5 5. Be2 Be7 6. O-O Nf6 7. Nbd2 Be6 8. dxc5 Bxc5 9. Nb3 Bd6 10. Nbd4 O-O 11. c3 Nc6 12. Bg5 Ne5 13. Re1 Nxf3+ 14. Bxf3 Qd7 15. Qd2 Ne8 16. Bf4 Bxf4 17. Qxf4 Nc7 18. Rad1 Rad8 19. h3 Qd6 20. Qd2 Qa6 21. a3 Rfe8 22. Qc2 Qb6 23. Rd2 Nb5 24. Red1 Nxd4 25. Rxd4 Qc7 26. Qd2 Qb6 27. c4 Bf5 28. cxd5 Qg6 29. Bg4 Bxg4 30. Rxg4 Qf6 31. d6 Rd7 32. Re1 Red8 33. Rge4 h6 34. Qc2 g6 35. Re8+ Rxe8 36. Rxe8+ Kg7 37. Rb8 Qxd6 38. Qc8 Kf6 39. Qh8+ Kf5 40. Re8 h5 41. Qc3 Qd1+ 42. Kh2 Qd6+ 43. g3 Qd5 44. h4 a6 45. Re2 Rd6 46. f3 Qd4 47. Qc8+ Rd7 48. Qe8 Kf6 49. Qh8+ Kf5 50. Qh6 Kf6 51. Kh3 Rd8 52. Kg2 Qd1 53. Qf4+ 1/2-1/2

[Event "Roland Gaudet mem"]
[Site "Gatineau CAN"]
[Date "2000.09.12"]
[Round "1"]
[White "Dupont, Claude"]
[Black "Lacourse, Guy"]
[Result "0-1"]
[WhiteElo "1359"]
[BlackElo "1687"]
[PlyCount "68"]
[GameId "2160767911644267"]
[EventDate "2000.09.12"]
[EventType "swiss"]
[EventRounds "5"]
[EventCountry "CAN"]

1. e4 c5 2. Nf3 e6 3. d4 cxd4 4. Nxd4 Nf6 5. e5 Qa5+ 6. Nc3 Qxe5+ 7. Be2 a6 8. O-O Bc5 9. Be3 d5 10. Nf3 Qc7 11. Bxc5 Qxc5 12. a3 Nc6 13. Bd3 O-O 14. Ne2 e5 15. b4 Qe7 16. Nc3 e4 17. Re1 Qc7 18. Nxd5 Nxd5 19. Bxe4 Nf6 20. Qd3 Nxe4 21. Rxe4 Bf5 22. Rae1 Rad8 23. Qe3 Bxe4 24. Qxe4 Rd7 25. Ng5 g6 26. h4 Re7 27. Qxe7 Nxe7 28. c4 Rd8 29. c5 Rd2 30. Ne4 Ra2 31. Nf6+ Kh8 32. Ne8 Qf4 33. f3 Qg3 34. Rxe7 Qxg2# 0-1

[Event "Roland Gaudet mem"]
[Site "Gatineau CAN"]
[Date "2000.09.12"]
[Round "1"]
[White "Gagnon, Fabien"]
[Black "Laurin, Jacques"]
[Result "1-0"]
[WhiteElo "2122"]
[BlackElo "1981"]
[PlyCount "83"]
[GameId "2160767911644268"]
[EventDate "2000.09.12"]
[EventType "swiss"]
[EventRounds "5"]
[EventCountry "CAN"]
[SourceTitle "EXT 2005"]
[Source "ChessBase"]
[SourceDate "2004.11.15"]
[SourceVersion "1"]
[SourceVersionDate "2004.11.15"]
[SourceQuality "1"]

1. Nf3 g6 2. g3 Bg7 3. Bg2 Nf6 4. O-O d6 5. d4 c6 6. c4 O-O 7. Nc3 Nfd7 8. e4 c5 9. d5 Ne5 10. Nd2 f5 11. f4 Nd3 12. Qe2 Nxc1 13. Raxc1 fxe4 14. Ndxe4 h6 15. Rce1 Nd7 16. Nd2 Rf7 17. Qe4 Nf8 18. Nf3 Bf5 19. Qe2 Qd7 20. Nh4 Re8 21. Nxf5 gxf5 22. Bf3 Rf6 23. Bh5 Ng6 24. Qd3 e6 25. dxe6 Rfxe6 26. Qxf5 Bd4+ 27. Kh1 Rxe1 28. Qxd7 Rxf1+ 29. Kg2 Rf2+ 30. Kh3 Nxf4+ 31. gxf4 Re3+ 32. Kg4 Rg2+ 33. Kf5 Rg7 34. Qxd6 Rh3 35. Bg6 Kh8 36. Nd5 Rg8 37. Nf6 Bxf6 38. Qxf6+ Rg7 39. Qf8+ Rg8 40. Qxc5 Rxh2 41. Bf7 Kg7 42. Qg1+ 1-0

[Event "Roland Gaudet mem"]
[Site "Gatineau CAN"]
[Date "2000.09.12"]
[Round "1"]
[White "Groleau, Gilles"]
[Black "Arsenault, Michel"]
[Result "1-0"]
[WhiteElo "2011"]
[BlackElo "1881"]
[PlyCount "111"]
[GameId "2160767911644269"]
[EventDate "2000.09.12"]
[EventType "swiss"]
[EventRounds "5"]
[EventCountry "CAN"]

1. e4 c5 2. Nf3 e6 3. Be2 Nc6 4. c4 Nge7 5. d4 cxd4 6. Nxd4 Nxd4 7. Qxd4 Nc6 8. Qd1 Qc7 9. O-O Bc5 10. Nc3 a6 11. a3 O-O 12. b4 Bd4 13. Bb2 Bf6 14. f4 d6 15. Kh1 b6 16. Rc1 Qb8 17. Qd3 Rd8 18. Nd1 Bxb2 19. Nxb2 e5 20. f5 Nd4 21. f6 g6 22. Qe3 Kh8 23. Bd1 Be6 24. Rc3 Qb7 25. Nd3 Rac8 26. c5 dxc5 27. bxc5 Nb5 28. c6 Rxc6 29. Rxc6 Qxc6 30. Nxe5 Qc5 31. Qh6 Rg8 32. Nf3 g5 33. e5 Rg6 34. Qh5 Qc4 35. Nd2 Qd3 36. Qe2 Qxa3 37. Bc2 Nd4 38. Qd1 Nxc2 39. Qxc2 Rg8 40. Qc7 Qd3 41. Qd6 Rd8 42. Qxd3 Rxd3 43. Nf3 h6 44. h3 Bd5 45. Rc1 Bxf3 46. Rc8+ Kh7 47. e6 Bxg2+ 48. Kxg2 Rd2+ 49. Kf1 Rd6 50. e7 Rxf6+ 51. Kg2 Re6 52. e8=Q Rxe8 53. Rxe8 Kg6 54. Rb8 Kf5 55. Rxb6 Ke4 56. Rxh6 1-0

[Event "Roland Gaudet mem"]
[Site "Gatineau CAN"]
[Date "2000.09.12"]
[Round "1"]
[White "Thomann, Olivier"]
[Black "Lavergne, Daniel"]
[Result "1-0"]
[WhiteElo "1773"]
[BlackElo "1551"]
[PlyCount "49"]
[GameId "2160767911644270"]
[EventDate "2000.09.12"]
[EventType "swiss"]
[EventRounds "5"]
[EventCountry "CAN"]
[SourceTitle "EXT 2005"]
[Source "ChessBase"]
[SourceDate "2004.11.15"]
[SourceVersion "1"]
[SourceVersionDate "2004.11.15"]
[SourceQuality "1"]

1. e4 d5 2. d4 dxe4 3. Nc3 Nf6 4. f3 exf3 5. Nxf3 Bg4 6. h3 Bh5 7. Bc4 Nc6 8. g4 Bg6 9. Bf4 Nb4 10. Bb3 Nbd5 11. Nxd5 Nxd5 12. Bg3 e6 13. Qd2 Bb4 14. c3 Bd6 15. Bxd6 cxd6 16. Ba4+ Ke7 17. O-O Qa5 18. Bb3 b5 19. Rae1 Nb6 20. Nh4 d5 21. Qf4 Kd8 22. Nxg6 fxg6 23. Rxe6 Nc4 24. Qg5+ Kd7 25. Qxd5+ 1-0

[Event "Roland Gaudet mem"]
[Site "Gatineau CAN"]
[Date "2000.09.12"]
[Round "1"]
[White "Trottier, Stephane"]
[Black "Thibault, Mario"]
[Result "1-0"]
[WhiteElo "1930"]
[BlackElo "1801"]
[PlyCount "109"]
[GameId "2160767911644271"]
[EventDate "2000.09.12"]
[EventType "swiss"]
[EventRounds "5"]
[EventCountry "CAN"]
[SourceTitle "EXT 2005"]
[Source "ChessBase"]
[SourceDate "2004.11.15"]
[SourceVersion "1"]
[SourceVersionDate "2004.11.15"]
[SourceQuality "1"]

1. e4 c5 2. Nf3 e6 3. d3 Nc6 4. g3 Nf6 5. Bg2 Be7 6. O-O e5 7. Nbd2 O-O 8. Nc4 d6 9. a4 a6 10. Nh4 Be6 11. Nf5 Nd4 12. Nxe7+ Qxe7 13. Bg5 Bxc4 14. dxc4 Qe6 15. c3 Nc6 16. b3 h6 17. Be3 Ng4 18. Bd2 Qg6 19. Qe2 Na5 20. Rab1 Nf6 21. Rfd1 Rfd8 22. f3 Ne8 23. Be3 Rab8 24. Rd2 Qe6 25. Qf1 Qe7 26. Bh3 Nc6 27. b4 b6 28. Rdb2 Qc7 29. Qc1 Nf6 30. b5 Ne7 31. a5 bxa5 32. bxa6 Rxb2 33. Qxb2 Nc6 34. Qb6 Ne8 35. Qxc7 Nxc7 36. Rb6 Nb8 37. a7 Nba6 38. Kf1 a4 39. Bc1 Kf8 40. Ke1 Ke7 41. Kd1 Ra8 42. Rb7 Rd8 43. Kc2 Ke8 44. Kb2 Na8 45. Ka3 N6c7 46. Kxa4 Kf8 47. Ka5 Ke8 48. Rb8 Ke7 49. Bc8 Ke8 50. Bb7 Kd7 51. Bxa8 Nxa8 52. Ka6 Kc7 53. Rxd8 Kxd8 54. Kb7 Nc7 55. f4 1-0

[Event "Roland Gaudet mem"]
[Site "Gatineau CAN"]
[Date "2000.09.19"]
[Round "2"]
[White "Lacourse, Guy"]
[Black "Fournier, Andre"]
[Result "1-0"]
[WhiteElo "1687"]
[BlackElo "1222"]
[PlyCount "67"]
[GameId "2160767911644272"]
[EventDate "2000.09.12"]
[EventType "swiss"]
[EventRounds "5"]
[EventCountry "CAN"]

1. d4 Nc6 2. d5 Ne5 3. e4 d6 4. f4 Nd7 5. Nf3 Ngf6 6. e5 dxe5 7. fxe5 Nxe5 8. Nxe5 Qxd5 9. Qxd5 Nxd5 10. Bb5+ c6 11. Nxc6 bxc6 12. Bxc6+ Bd7 13. Bxa8 Nb4 14. Na3 Bc6 15. Bxc6+ Nxc6 16. O-O e5 17. Nb5 Bc5+ 18. Kh1 O-O 19. c3 a5 20. Rd1 e4 21. Nd4 Ne5 22. Be3 Rd8 23. Nf5 Nd7 24. Bxc5 g6 25. Be7 Re8 26. Rxd7 gxf5 27. Rd8 Rxd8 28. Bxd8 Kg7 29. Bg5 h6 30. Bf4 Kg6 31. Rd1 Kh5 32. h3 Kh4 33. Rd6 h5 34. Kh2 1-0

[Event "Roland Gaudet mem"]
[Site "Gatineau CAN"]
[Date "2000.09.19"]
[Round "2"]
[White "Laurin, Jacques"]
[Black "Groleau, Gilles"]
[Result "0-1"]
[WhiteElo "1981"]
[BlackElo "2011"]
[PlyCount "82"]
[GameId "2160767911644273"]
[EventDate "2000.09.12"]
[EventType "swiss"]
[EventRounds "5"]
[EventCountry "CAN"]
[SourceTitle "EXT 2005"]
[Source "ChessBase"]
[SourceDate "2004.11.15"]
[SourceVersion "1"]
[SourceVersionDate "2004.11.15"]
[SourceQuality "1"]

1. c4 Nf6 2. Nc3 c5 3. g3 Nc6 4. Bg2 e6 5. e4 Be7 6. Nf3 d6 7. O-O a6 8. a3 Qc7 9. Rb1 Rb8 10. Re1 O-O 11. b4 cxb4 12. axb4 b5 13. cxb5 axb5 14. Qb3 e5 15. Bf1 Bg4 16. Ng5 Nd4 17. Qb2 h6 18. f3 Bd7 19. Ne2 Nxe2+ 20. Bxe2 hxg5 21. d4 Ne8 22. Be3 exd4 23. Rec1 Qb7 24. Bxd4 Bf6 25. e5 Bxe5 26. Bxe5 dxe5 27. Qxe5 f6 28. Qe3 Nd6 29. Qd2 Nf7 30. Rc5 Rfd8 31. Qe1 Ne5 32. Qf1 Be8 33. f4 gxf4 34. gxf4 Nf7 35. Bf3 Qe7 36. Re1 Qd6 37. Bd5 Bd7 38. Rd1 Qb6 39. Qe2 Be6 40. Bc6 Bc4 41. Rxd8+ Qxd8 0-1

[Event "Roland Gaudet mem"]
[Site "Gatineau CAN"]
[Date "2000.09.19"]
[Round "2"]
[White "Maisonneuve, Paul"]
[Black "Thomann, Olivier"]
[Result "0-1"]
[WhiteElo "1560"]
[BlackElo "1773"]
[PlyCount "100"]
[GameId "2160767911644274"]
[EventDate "2000.09.12"]
[EventType "swiss"]
[EventRounds "5"]
[EventCountry "CAN"]
[SourceTitle "EXT 2005"]
[Source "ChessBase"]
[SourceDate "2004.11.15"]
[SourceVersion "1"]
[SourceVersionDate "2004.11.15"]
[SourceQuality "1"]

1. Nf3 Nf6 2. d4 g6 3. Bf4 d5 4. e3 c5 5. c3 Qb6 6. Qb3 c4 7. Qxb6 axb6 8. Be2 Nc6 9. Na3 Bg7 10. O-O Bf5 11. h3 O-O 12. Rfc1 Ra5 13. Bc7 Nd7 14. Nc2 Rfa8 15. a3 Rc8 16. Bg3 Raa8 17. Nd2 Na5 18. Bd1 b5 19. Nb4 Nb6 20. Bc2 Bxc2 21. Rxc2 Nc6 22. Nxc6 Rxc6 23. e4 e6 24. Re1 Kf8 25. Nf3 dxe4 26. Rxe4 Rd8 27. Rce2 Nd5 28. Ne5 Ra6 29. Bh4 Rc8 30. Bg3 Kg8 31. f4 f5 32. R4e3 Nxe3 33. Rxe3 Rd6 34. Nf3 h6 35. Bh2 Kf7 36. g4 Rd5 37. Kg2 fxg4 38. hxg4 Bf6 39. Nd2 Ra8 40. Ne4 Be7 41. Rh3 h5 42. g5 b4 43. Nd2 bxa3 44. bxa3 b5 45. Nf3 Rxa3 46. Ne5+ Kg7 47. Re3 Rxd4 48. Nc6 Rd2+ 49. Kg3 Bc5 50. Rf3 Raa2 0-1

[Event "Roland Gaudet mem"]
[Site "Gatineau CAN"]
[Date "2000.09.19"]
[Round "2"]
[White "Thibault, Mario"]
[Black "Arsenault, Michel"]
[Result "0-1"]
[WhiteElo "1801"]
[BlackElo "1881"]
[PlyCount "62"]
[GameId "2160767911644275"]
[EventDate "2000.09.12"]
[EventType "swiss"]
[EventRounds "5"]
[EventCountry "CAN"]
[SourceTitle "EXT 2005"]
[Source "ChessBase"]
[SourceDate "2004.11.15"]
[SourceVersion "1"]
[SourceVersionDate "2004.11.15"]
[SourceQuality "1"]

1. Nf3 c5 2. g3 Nc6 3. Bg2 g6 4. O-O Bg7 5. d3 e5 6. e4 Nge7 7. Nbd2 O-O 8. a4 d6 9. Nc4 Be6 10. c3 h6 11. Re1 Qd7 12. Nfd2 f5 13. Qc2 f4 14. b3 Rf7 15. Bb2 Raf8 16. Nf1 g5 17. Rad1 Ng6 18. Qb1 h5 19. Qa1 h4 20. d4 exd4 21. cxd4 Nxd4 22. Bxd4 Bxd4 23. Rxd4 cxd4 24. Qxd4 fxg3 25. fxg3 h3 26. Bh1 Bxc4 27. Qxc4 Qc6 28. Ne3 Qb6 29. e5 Nxe5 30. Qe6 Kg7 31. Qxh3 g4 0-1

[Event "Roland Gaudet mem"]
[Site "Gatineau CAN"]
[Date "2000.09.19"]
[Round "2"]
[White "Trottier, Stephane"]
[Black "Gagnon, Fabien"]
[Result "0-1"]
[WhiteElo "1930"]
[BlackElo "2122"]
[PlyCount "48"]
[GameId "2160767911644276"]
[EventDate "2000.09.12"]
[EventType "swiss"]
[EventRounds "5"]
[EventCountry "CAN"]
[SourceTitle "EXT 2005"]
[Source "ChessBase"]
[SourceDate "2004.11.15"]
[SourceVersion "1"]
[SourceVersionDate "2004.11.15"]
[SourceQuality "1"]

1. Nf3 d5 2. g3 Nf6 3. Bg2 g6 4. O-O Bg7 5. d3 c5 6. Nbd2 Nc6 7. e4 O-O 8. Re1 e5 9. exd5 Nxd5 10. Nb3 b6 11. c4 Nc7 12. Bg5 f6 13. Be3 Bf5 14. Nh4 Bd7 15. Bxc5 bxc5 16. Nxc5 Be8 17. Qa4 Nd4 18. Qa5 Bc6 19. Bxc6 Nxc6 20. Qa4 Nd4 21. Red1 Qe8 22. Qa5 Qc6 23. b4 Nce6 24. Ne4 a6 0-1

[Event "Roland Gaudet mem"]
[Site "Gatineau CAN"]
[Date "2000.09.27"]
[Round "3"]
[White "Gagnon, Fabien"]
[Black "Thibault, Mario"]
[Result "1-0"]
[WhiteElo "2122"]
[BlackElo "1801"]
[PlyCount "95"]
[GameId "2160767911644277"]
[EventDate "2000.09.12"]
[EventType "swiss"]
[EventRounds "5"]
[EventCountry "CAN"]
[SourceTitle "EXT 2005"]
[Source "ChessBase"]
[SourceDate "2004.11.15"]
[SourceVersion "1"]
[SourceVersionDate "2004.11.15"]
[SourceQuality "1"]

1. e4 c5 2. Nf3 e6 3. d3 Nc6 4. g3 g6 5. Bg2 Bg7 6. O-O Nge7 7. c3 O-O 8. Be3 d6 9. d4 cxd4 10. cxd4 d5 11. e5 Nf5 12. Nc3 Nxe3 13. fxe3 Bh6 14. Qe2 b6 15. Rfd1 Nb4 16. a4 Ba6 17. Nb5 Rc8 18. Rac1 Qd7 19. Rc3 Rc6 20. Bf1 Rfc8 21. Qd2 Rxc3 22. bxc3 Nc6 23. Nd6 Bxf1 24. Nxc8 Bh3 25. Nd6 Na5 26. Kf2 Qxa4 27. c4 Nb3 28. Qc2 Qa3 29. Rd3 dxc4 30. Nxc4 Qa1 31. Rd1 Qa4 32. Nd6 Qa3 33. Qc8+ Kg7 34. Ne8+ Kh8 35. Nd6+ Kg7 36. Ne8+ Kh8 37. Nf6+ Qf8 38. Qxf8+ Bxf8 39. Ng1 Bf5 40. e4 Bh3 41. Nxh3 a5 42. Ke2 b5 43. Kd3 a4 44. Kc2 b4 45. Nd7 Bg7 46. Nb6 Nxd4+ 47. Rxd4 b3+ 48. Kb1 1-0

[Event "Roland Gaudet mem"]
[Site "Gatineau CAN"]
[Date "2000.09.27"]
[Round "3"]
[White "Groleau, Gilles"]
[Black "Trottier, Stephane"]
[Result "1-0"]
[WhiteElo "2011"]
[BlackElo "1930"]
[PlyCount "27"]
[GameId "2160767911644278"]
[EventDate "2000.09.12"]
[EventType "swiss"]
[EventRounds "5"]
[EventCountry "CAN"]
[SourceTitle "EXT 2005"]
[Source "ChessBase"]
[SourceDate "2004.11.15"]
[SourceVersion "1"]
[SourceVersionDate "2004.11.15"]
[SourceQuality "1"]

1. e4 d5 2. exd5 Nf6 3. d4 Nxd5 4. c4 Nb4 5. a3 N4c6 6. d5 Ne5 7. Nf3 Nxf3+ 8. Qxf3 c5 9. Nc3 e6 10. Bf4 Bd6 11. dxe6 fxe6 12. Rd1 O-O 13. Rxd6 Qc7 14. Qg3 1-0

[Event "Roland Gaudet mem"]
[Site "Gatineau CAN"]
[Date "2000.09.27"]
[Round "3"]
[White "Thomann, Olivier"]
[Black "Lacourse, Guy"]
[Result "1-0"]
[WhiteElo "1773"]
[BlackElo "1687"]
[PlyCount "69"]
[GameId "2160767911644279"]
[EventDate "2000.09.12"]
[EventType "swiss"]
[EventRounds "5"]
[EventCountry "CAN"]
[SourceTitle "EXT 2005"]
[Source "ChessBase"]
[SourceDate "2004.11.15"]
[SourceVersion "1"]
[SourceVersionDate "2004.11.15"]
[SourceQuality "1"]

1. e4 c5 2. Nc3 e6 3. f4 d6 4. Nf3 Nc6 5. d3 Nf6 6. g3 Be7 7. Bg2 Bd7 8. O-O a6 9. h3 Qc7 10. Be3 b5 11. g4 O-O 12. g5 Nh5 13. Nh4 g6 14. f5 exf5 15. exf5 Ng3 16. Nd5 Qb8 17. fxg6 fxg6 18. Nxe7+ Nxe7 19. Rxf8+ Qxf8 20. Bxa8 Qxa8 21. Qf3 Qxf3 22. Nxf3 Ngf5 23. Bd2 Bc6 24. Nh2 Nd4 25. c3 Ndf5 26. Ng4 a5 27. Nf6+ Kg7 28. Ne4 Nc8 29. Bf4 Kf7 30. Ng3 Bd7 31. Ne4 Bc6 32. Nf2 Nce7 33. Ng4 Kg7 34. Re1 Kf7 35. Bxd6 1-0

[Event "Roland Gaudet mem"]
[Site "Gatineau CAN"]
[Date "2000.10.06"]
[Round "3"]
[White "Arsenault, Michel"]
[Black "Laurin, Jacques"]
[Result "1-0"]
[WhiteElo "1881"]
[BlackElo "1981"]
[PlyCount "59"]
[GameId "2160767911652472"]
[EventDate "2000.09.12"]
[EventType "swiss"]
[EventRounds "5"]
[EventCountry "CAN"]
[SourceTitle "EXT 2005"]
[Source "ChessBase"]
[SourceDate "2004.11.15"]
[SourceVersion "1"]
[SourceVersionDate "2004.11.15"]
[SourceQuality "1"]

1. c4 g6 2. g3 Bg7 3. Bg2 d6 4. e4 Nc6 5. Ne2 e5 6. Nbc3 Nge7 7. O-O Nd4 8. d3 c6 9. Nxd4 exd4 10. Ne2 O-O 11. b3 f5 12. Nf4 Rf6 13. Re1 g5 14. Nh5 Rg6 15. Nxg7 Kxg7 16. Qd2 f4 17. Ba3 c5 18. b4 Qc7 19. Rab1 b6 20. e5 Nc6 21. exd6 Qxd6 22. b5 Ne5 23. Bxa8 Bg4 24. Rxe5 Qxe5 25. Re1 Qd6 26. Bd5 Rh6 27. f3 Bh3 28. g4 Rf6 29. Qe2 Kh6 30. Qe7 1-0

[Event "Roland Gaudet mem"]
[Site "Gatineau CAN"]
[Date "2000.09.12"]
[Round "4"]
[White "Danis, Jacques"]
[Black "Thomann, Olivier"]
[Result "1-0"]
[WhiteElo "1756"]
[BlackElo "1773"]
[PlyCount "61"]
[GameId "2160767911652473"]
[EventDate "2000.09.12"]
[EventType "swiss"]
[EventRounds "5"]
[EventCountry "CAN"]

1. e4 e5 2. Nf3 Nc6 3. Bc4 Bc5 4. c3 Nf6 5. d4 exd4 6. cxd4 Bb4+ 7. Nc3 Nxe4 8. O-O Bxc3 9. d5 Ne7 10. bxc3 O-O 11. Qd4 Nd6 12. Bd3 f5 13. c4 Ng6 14. Bg5 Qe8 15. c5 Ne4 16. Rfe1 Qf7 17. d6 Nxg5 18. Nxg5 Qf6 19. Bc4+ Kh8 20. Qxf6 gxf6 21. Nf3 cxd6 22. cxd6 b6 23. Nd4 Ne5 24. Bd5 Rb8 25. Nxf5 Bb7 26. Bxb7 Rxb7 27. Ne7 Nc6 28. Rac1 Nxe7 29. Rxe7 Kg8 30. Rc7 Rxc7 31. dxc7 1-0

[Event "Roland Gaudet mem"]
[Site "Gatineau CAN"]
[Date "2000.09.12"]
[Round "4"]
[White "Gagnon, Fabien"]
[Black "Groleau, Gilles"]
[Result "0-1"]
[WhiteElo "2122"]
[BlackElo "2011"]
[PlyCount "94"]
[GameId "2160767911652474"]
[EventDate "2000.09.12"]
[EventType "swiss"]
[EventRounds "5"]
[EventCountry "CAN"]

1. e4 c5 2. Nc3 Nc6 3. g3 g6 4. Bg2 Bg7 5. d3 e6 6. Nge2 Nge7 7. O-O O-O 8. Bg5 h6 9. Be3 Nd4 10. Qd2 Kh7 11. Nd1 d5 12. c3 Nxe2+ 13. Qxe2 b6 14. f4 Ba6 15. e5 Rc8 16. Bf2 Qc7 17. g4 d4 18. c4 Bb7 19. Bg3 Bxg2 20. Kxg2 Qc6+ 21. Kg1 a6 22. Nf2 b5 23. b3 bxc4 24. bxc4 Rb8 25. Rfb1 Rb6 26. Bh4 f6 27. Rxb6 Qxb6 28. Re1 g5 29. exf6 Bxf6 30. fxg5 hxg5 31. Bg3 Ng6 32. Qxe6 Qb4 33. Qd7+ Kh6 34. Re6 Qb1+ 35. Kg2 Qxa2 36. Qc6 Kg7 37. Qxa6 Qd2 38. Qa7+ Rf7 39. Qxc5 Nf4+ 40. Bxf4 gxf4 41. Qh5 f3+ 42. Kg3 Qe2 43. Re4 Qf1 44. Kxf3 Bh4+ 45. Qxf7+ Kxf7 46. Re2 Bxf2 47. Rxf2 Qxd3+ 0-1

[Event "Roland Gaudet mem"]
[Site "Gatineau CAN"]
[Date "2000.10.03"]
[Round "4"]
[White "Lacourse, Guy"]
[Black "Maisonneuve, Paul"]
[Result "1-0"]
[WhiteElo "1687"]
[BlackElo "1560"]
[PlyCount "57"]
[GameId "2160767911652475"]
[EventDate "2000.09.12"]
[EventType "swiss"]
[EventRounds "5"]
[EventCountry "CAN"]
[SourceTitle "EXT 2005"]
[Source "ChessBase"]
[SourceDate "2004.11.15"]
[SourceVersion "1"]
[SourceVersionDate "2004.11.15"]
[SourceQuality "1"]

1. Nf3 Nf6 2. d4 g6 3. c4 Bg7 4. Nc3 O-O 5. e4 d6 6. Be2 Nbd7 7. O-O c5 8. Re1 cxd4 9. Nxd4 a6 10. Be3 Qc7 11. Rc1 Ne5 12. Nd5 Nxd5 13. cxd5 Qa5 14. Nb3 Qd8 15. f4 Nd7 16. Nd4 Nf6 17. Bf3 Bd7 18. e5 dxe5 19. fxe5 Ne8 20. e6 Bb5 21. a4 Nf6 22. exf7+ Rxf7 23. Ne6 Bxa4 24. Qxa4 Qd6 25. Bc5 Qd7 26. Qa2 Ne8 27. Ng5 Rf5 28. Rxe7 Qc8 29. d6+ 1-0

[Event "Roland Gaudet mem"]
[Site "Gatineau CAN"]
[Date "2000.10.03"]
[Round "4"]
[White "Roy, Roger"]
[Black "Rose, Richard"]
[Result "0-1"]
[WhiteElo "1748"]
[BlackElo "1772"]
[PlyCount "114"]
[GameId "2160767911652476"]
[EventDate "2000.09.12"]
[EventType "swiss"]
[EventRounds "5"]
[EventCountry "CAN"]

1. d4 Nf6 2. Nf3 d5 3. Bf4 e6 4. e3 c5 5. c3 c4 6. Nbd2 Bd6 7. Bxd6 Qxd6 8. Qc2 Bd7 9. e4 Qe7 10. e5 Ng4 11. h3 Nh6 12. a4 Nc6 13. b3 cxb3 14. Nxb3 b6 15. Ba6 O-O 16. O-O f6 17. a5 Nxa5 18. Nxa5 bxa5 19. Rxa5 f5 20. Rfa1 Bc8 21. Qa4 Bd7 22. Qa2 Rfb8 23. Bd3 Rb7 24. Ba6 Rc7 25. Qb2 Bc8 26. Bxc8 Raxc8 27. Qb4 Qd7 28. Qa4 Qe7 29. Rxa7 Nf7 30. Rxc7 Qxc7 31. Ra3 g5 32. Qa6 g4 33. hxg4 fxg4 34. Nh2 g3 35. fxg3 Ng5 36. Ng4 Rb8 37. Nf6+ Kh8 38. Qa7 Rb1+ 39. Kh2 Qc4 40. Qa8+ Kg7 41. Ra7+ Kg6 42. Qg8+ Kf5 43. g4+ Kf4 44. Nxd5+ Qxd5 45. Rf7+ Nxf7 46. Qxf7+ Ke3 47. Qxh7 Qe4 48. Qh3+ Ke2 49. g5 Rb7 50. Qf3+ Qxf3 51. gxf3 Kxf3 52. g6 Rg7 53. c4 Rxg6 54. d5 exd5 55. cxd5 Rg5 56. d6 Rxe5 57. d7 Rd5 0-1